[Event "Sachsen-ch U10"]
[Site "Sebnitz"]
[Date "2007.04.10"]
[Round "1"]
[White "Stefani, Victor"]
[Black "Abu Baker, Josef"]
[Result "0-1"]
[WhiteElo "807"]
[BlackElo "1073"]
[PlyCount "50"]
[EventDate "2007.04.10"]
[EventType "swiss"]
[EventRounds "7"]
[EventCountry "GER"]
[SourceTitle "EXT 2008"]
[Source "ChessBase"]
[SourceDate "2007.11.25"]
[SourceVersion "1"]
[SourceVersionDate "2007.11.25"]
[SourceQuality "1"]

1. e4 c5 2. Nf3 d6 3. Nc3 Nf6 4. Bc4 g6 5. d3 Bg7 6. Bf4 Nc6 7. 0-0 Bg4 8. h3 Bd7 9. Ng5 0-0 10. Nd5 Nxd5 11. exd5 Na5 12. a3 Bxb2 13. Ra2 Nxc4 14. dxc4 Bg7 15. Re1 e5 16. Bg3 Qxg5 17. Re4 f5 18. Bh4 Qh6 19. Bg3 fxe4 20. f3 Qg5 21. Rb2 Qxg3 22. Rxb7 Bxh3 23. Rxg7+ Kxg7 24. Qf1 Rxf3 25. Qc1 Qxg2# 0-1